|
|
|
|
| LEADER |
01457nam a2200385 a 4500 |
| 001 |
000312458 |
| 003 |
CZ BrMZK |
| 005 |
20210212082401.0 |
| 007 |
ta |
| 008 |
980115s1998 xr e cze d |
| 015 |
|
|
|a cnb000364305
|
| 035 |
|
|
|a (OCoLC)42028961
|
| 040 |
|
|
|a BOA001
|b cze
|
| 041 |
1 |
|
|a cze
|a ger
|a eng
|
| 043 |
|
|
|a e-xr---
|b e-xr-zl
|2 czenas
|
| 072 |
|
7 |
|a 94(437)
|x Dějiny Česka a Slovenska
|2 Konspekt
|9 8
|
| 080 |
|
|
|a 913:94
|2 MRF
|
| 080 |
|
|
|a 94(437.323)
|2 MRF
|
| 080 |
|
|
|a (048.8)
|2 MRF
|
| 080 |
|
|
|a (084.12)
|2 MRF
|
| 100 |
1 |
|
|a Rašticová, Blanka,
|d 1952-
|7 xx0003070
|4 edt
|
| 245 |
1 |
0 |
|a Uherské Hradiště /
|c [text: Blanka Rašticová ; fotografie: Petr Titz].
|
| 260 |
|
|
|a Uherské Hradiště :
|b Město Uherské Hradiště,
|c 1998
|
| 300 |
|
|
|a 99 s. :
|b barev. il. ;
|c 21 x 21 cm
|
| 500 |
|
|
|a Úv. text a text k fotogr. též angl. a něm.
|
| 650 |
0 |
7 |
|a historický místopis
|7 ph137052
|z Česko
|2 czenas
|
| 651 |
|
7 |
|a Uherské Hradiště (Česko)
|7 ge131201
|x dějiny
|2 czenas
|
| 655 |
|
7 |
|a přehledy
|7 fd133202
|2 czenas
|
| 655 |
|
7 |
|a fotografické publikace
|7 fd132276
|2 czenas
|
| 700 |
1 |
|
|a Titz, Petr,
|d 1944-2017
|7 mzk2004148325
|4 pht
|
| 710 |
2 |
|
|a Slovácké muzeum (Uherské Hradiště, Česko)
|7 kn20010724749
|
| 910 |
|
|
|a BOA001
|b 2-1044.678
|
| 967 |
|
|
|a Uherské Hradiště
|b Uherské Hradiště
|c cz-ms
|
| 990 |
|
|
|a BK
|
| 996 |
6 |
|
|b 2610070173
|c 2-1044.678
|l MZK
|r Sklad / do 1 hodiny
|n 13
|p p.v.
|w 000312458
|u 000010
|a 1
|e BOA001
|j MZK50
|s P
|